[Event "GER-chT U20"]
[Site "Osnabrueck"]
[Date "2013.12.29"]
[Round "5.3"]
[White "Kramer, Julian"]
[Black "Vogt, Marc Jonas"]
[Result "1-0"]
[WhiteElo "2079"]
[BlackElo "1981"]
[PlyCount "159"]
[EventDate "2013.12.27"]
[EventType "team-swiss"]
[EventRounds "7"]
[EventCountry "GER"]
[SourceTitle "EXT 2015"]
[Source "ChessBase"]
[SourceDate "2014.11.20"]
[SourceVersion "1"]
[SourceVersionDate "2014.11.20"]
[SourceQuality "1"]
[WhiteTeam "Hamburger SK"]
[BlackTeam "Stade"]
[WhiteTeamCountry "GER"]
[BlackTeamCountry "GER"]

1. e4 c5 2. Nf3 Nc6 3. d4 cxd4 4. Nxd4 e5 5. Nb5 d6 6. N1c3 a6 7. Na3 b5 8. Nd5 Rb8 9. Bd3 Nce7 10. c4 Nxd5 11. cxd5 Be7 12. 0-0 Nf6 13. Nc2 0-0 14. Qe2 Nd7 15. Nb4 Bb7 16. Be3 Bg5 17. Rac1 Bxe3 18. Qxe3 Nc5 19. Bb1 Rc8 20. Nd3 Nxd3 21. Bxd3 Qd7 22. Qb6 g6 23. f3 Kg7 24. g3 h5 25. Rxc8 Rxc8 26. f4 exf4 27. Qd4+ Kg8 28. gxf4 Qg4+ 29. Kh1 h4 30. Qe3 h3 31. Qg3 Qxg3 32. hxg3 Rc5 33. Kh2 Bc8 34. Re1 Kf8 35. Bf1 Bg4 36. Bd3 b4 37. Kg1 Bf3 38. Kf2 Bg2 39. g4 f5 40. gxf5 gxf5 41. Kg3 a5 42. e5 Rxd5 43. Bxf5 Rd2 44. e6 Ke7 45. Rc1 Kf6 46. Rc8 Kxf5 47. e7 Bc6 48. Rxc6 Re2 49. Rxd6 h2 50. Rd5+ Kf6 51. Rh5 Rxe7 52. Rxh2 Re1 53. b3 Re3+ 54. Kg4 a4 55. bxa4 Ra3 56. Rh6+ Kg7 57. Rb6 Rxa4 58. Kg5 Rxa2 59. Rb7+ Kf8 60. Rxb4 Kf7 61. Rb7+ Kf8 62. f5 Ra1 63. Kg6 Rf1 64. Kf6 Kg8 65. Rb8+ Kh7 66. Rf8 Ra1 67. Re8 Ra2 68. Kf7 Ra5 69. f6 Ra2 70. Re1 Ra8 71. Re7 Ra2 72. Rd7 Ra3 73. Rd2 Ra7+ 74. Ke6 Ra6+ 75. Ke7 Ra7+ 76. Rd7 Ra2 77. f7 Re2+ 78. Kf8 Ra2 79. Ke8 Ra8+ 80. Rd8 1-0

[Event "GER-chT U20"]
[Site "Osnabrueck"]
[Date "2013.12.28"]
[Round "4.3"]
[White "Vogt, Marc Jonas"]
[Black "Mann, Johannes"]
[Result "1/2-1/2"]
[WhiteElo "1981"]
[BlackElo "1933"]
[PlyCount "104"]
[EventDate "2013.12.27"]
[EventType "team-swiss"]
[EventRounds "7"]
[EventCountry "GER"]
[SourceTitle "EXT 2015"]
[Source "ChessBase"]
[SourceDate "2014.11.20"]
[SourceVersion "1"]
[SourceVersionDate "2014.11.20"]
[SourceQuality "1"]
[WhiteTeam "Stade"]
[BlackTeam "Forchheim"]
[WhiteTeamCountry "GER"]
[BlackTeamCountry "GER"]

1. e4 c6 2. d4 d5 3. Nc3 dxe4 4. Nxe4 Bf5 5. Ng3 Bg6 6. Bc4 e6 7. N1e2 Nf6 8. 0-0 Bd6 9. f4 Qc7 10. f5 Bxf5 11. Nxf5 exf5 12. Rxf5 Nbd7 13. Bf4 Bxf4 14. Nxf4 0-0 15. Nh5 Nxh5 16. Qxh5 g6 17. Rxf7 Rxf7 18. Bxf7+ Kg7 19. Qh4 Nf6 20. Bb3 Re8 21. Rf1 Qd6 22. Qf4 Qd8 23. Qf2 Re4 24. d5 Nxd5 25. Bxd5 cxd5 26. Qxa7 Qe7 27. Qf2 Re3 28. c3 Re4 29. Qf3 Re2 30. Qxd5 Rxb2 31. Qd4+ Kg8 32. Rd1 Rxa2 33. Qc4+ Qf7 34. Rd8+ Kg7 35. Qxf7+ Kxf7 36. Rd7+ Ke6 37. Rxb7 Rc2 38. Rc7 h5 39. h4 Kf5 40. Kh2 Kf4 41. Rc4+ Ke3 42. Kg3 Kd3 43. Rc6 Ke4 44. Kh2 Kf5 45. Rc4 Ke5 46. Kg3 Kd5 47. Rc8 Ke4 48. Rc6 Rc1 49. Rxg6 Rxc3+ 50. Kh2 Rc5 51. Kh3 Kf4 52. g3+ Ke4 1/2-1/2

[Event "Dortmund Sparkassen op-A"]
[Site "Dortmund"]
[Date "2013.07.30"]
[Round "4"]
[White "Kartsev, Alexandr"]
[Black "Vogt, Marc Jonas"]
[Result "1-0"]
[WhiteElo "2247"]
[BlackElo "1893"]
[PlyCount "41"]
[EventDate "2013.07.27"]
[EventType "swiss"]
[EventRounds "9"]
[EventCountry "GER"]
[SourceTitle "CBM 155 Extra"]
[Source "ChessBase"]
[SourceDate "2013.08.26"]
[SourceVersion "1"]
[SourceVersionDate "2013.08.26"]
[SourceQuality "1"]

1. e4 e6 2. d4 d5 3. e5 c5 4. c3 Nc6 5. Nf3 Qb6 6. a3 Bd7 7. b4 cxd4 8. cxd4 Rc8 9. Bb2 Nh6 10. Nc3 Na5 11. Na4 Qc6 12. Nc5 Nc4 13. Bxc4 dxc4 14. Qe2 Nf5 15. 0-0 h5 16. Rfe1 h4 17. d5 exd5 18. e6 fxe6 19. Ne5 Qd6 20. Nexd7 Rxc5 21. Nxc5 1-0

[Event "GER-chT U16"]
[Site "Naumburg"]
[Date "2012.12.30"]
[Round "7"]
[White "Vogt, Marc Jonas"]
[Black "Nothnagel, Marian Can"]
[Result "1/2-1/2"]
[WhiteElo "1875"]
[BlackElo "1802"]
[PlyCount "103"]
[EventDate "2012.12.27"]
[EventType "team-swiss"]
[EventRounds "7"]
[EventCountry "GER"]
[SourceTitle "EXT 2014"]
[Source "ChessBase"]
[SourceDate "2013.11.20"]
[SourceVersion "1"]
[SourceVersionDate "2013.11.20"]
[SourceQuality "1"]
[WhiteTeam "Stader SV"]
[BlackTeam "Darmstadt Schachforum"]
[WhiteTeamCountry "GER"]
[BlackTeamCountry "GER"]

1. e4 e5 2. Nf3 d6 3. d4 exd4 4. Nxd4 Nf6 5. Nc3 Be7 6. Be2 0-0 7. g4 Nc6 8. Nf5 Bxf5 9. exf5 Nd7 10. Be3 Bg5 11. Qd2 Bxe3 12. Qxe3 Re8 13. Qd2 a6 14. 0-0-0 Rb8 15. g5 Nf8 16. Nd5 Ne7 17. Ne3 Nc6 18. Ng4 Rxe2 19. Qxe2 Qxg5+ 20. Ne3 Re8 21. Qc4 Nd7 22. f4 Qf6 23. Nd5 Qd8 24. Rde1 Rxe1+ 25. Rxe1 Kf8 26. Qe2 g6 27. fxg6 hxg6 28. Qg4 Nf6 29. Qh4 Kg7 30. Ne3 Qh8 31. Qg5 Nd4 32. Qg2 c6 33. c3 Ne6 34. Nf5+ Kf8 35. Nxd6 Qh4 36. Qd2 Nxf4 37. Kb1 b5 38. Ne4 Nd3 39. Re3 Nxe4 40. Qxd3 Nf6 41. Qd6+ Kg7 42. Re2 Qg4 43. Re1 Qg2 44. Qe5 Qf3 45. a3 a5 46. Qe2 Qf5+ 47. Ka1 a4 48. Rf1 Qd5 49. Qf2 Qd6 50. Qd4 Qe6 51. Kb1 Qe7 52. Ka1 1/2-1/2

[Event "Oberliga Nord W 1213"]
[Site "Germany"]
[Date "2012.12.09"]
[Round "4.7"]
[White "Vogt, Marc Jonas"]
[Black "Wagner, Jan"]
[Result "1-0"]
[WhiteElo "1836"]
[BlackElo "2115"]
[PlyCount "123"]
[EventDate "2012.10.14"]
[EventType "team-tourn"]
[EventRounds "9"]
[EventCountry "GER"]
[SourceTitle "EXT 2014"]
[Source "ChessBase"]
[SourceDate "2013.11.20"]
[SourceVersion "1"]
[SourceVersionDate "2013.11.20"]
[SourceQuality "1"]
[WhiteTeam "Stade"]
[BlackTeam "Oldenburg Union"]
[WhiteTeamCountry "GER"]
[BlackTeamCountry "GER"]

1. e4 g6 2. d4 Bg7 3. Nc3 d6 4. Bc4 Nc6 5. Nf3 Nf6 6. Be3 0-0 7. h3 e6 8. Qe2 a6 9. e5 dxe5 10. dxe5 Nd5 11. Rd1 Nxc3 12. bxc3 Qe7 13. Bf4 Qc5 14. 0-0 b5 15. Bb3 h6 16. Rd3 Bb7 17. Rfd1 Rad8 18. Rxd8 Nxd8 19. Rd3 Nc6 20. Qd2 Nxe5 21. Nxe5 Bxe5 22. Bxh6 Qc6 23. Rf3 Bg7 24. Bxg7 Kxg7 25. Qd4+ f6 26. Rg3 e5 27. Qg4 f5 28. Qg5 Qf6 29. Qxf6+ Rxf6 30. Rd3 Rd6 31. a3 Kf6 32. c4 e4 33. Rxd6+ cxd6 34. cxb5 axb5 35. Kf1 d5 36. c3 Bc6 37. Ke2 g5 38. g3 Ke5 39. Ke3 f4+ 40. gxf4+ gxf4+ 41. Kd2 Kf5 42. Bd1 Ke5 43. Bg4 d4 44. cxd4+ Kxd4 45. h4 Bd5 46. Bd7 e3+ 47. fxe3+ fxe3+ 48. Ke1 Bc4 49. h5 Bd3 50. h6 Kc5 51. Be6 b4 52. a4 Bh7 53. Ke2 Kd4 54. a5 Bd3+ 55. Ke1 Kc5 56. a6 Kb6 57. Bc4 Bg6 58. Kd1 b3 59. Kc1 Ka7 60. Kb2 Bc2 61. Kc3 Bh7 62. Kxb3 1-0

[Event "GER-chT North U16"]
[Site "Berlin"]
[Date "2012.09.07"]
[Round "3.2"]
[White "Dao Xuan, Duong"]
[Black "Vogt, Marc Jonas"]
[Result "1-0"]
[WhiteElo "1572"]
[BlackElo "1892"]
[PlyCount "73"]
[EventDate "2012.09.06"]
[EventType "team-swiss"]
[EventRounds "7"]
[EventCountry "GER"]
[SourceTitle "EXT 2015"]
[Source "ChessBase"]
[SourceDate "2014.11.20"]
[SourceVersion "1"]
[SourceVersionDate "2014.11.20"]
[SourceQuality "1"]
[WhiteTeam "Neubrandenburg"]
[BlackTeam "Stade"]
[WhiteTeamCountry "GER"]
[BlackTeamCountry "GER"]

1. e4 e6 2. d4 d5 3. Nc3 dxe4 4. Nxe4 Nf6 5. Bg5 Be7 6. Bxf6 Bxf6 7. Nf3 0-0 8. c3 Bd7 9. Bd3 Bc6 10. Qc2 h6 11. 0-0 Nd7 12. Rfe1 Re8 13. Rad1 Bxe4 14. Bxe4 c6 15. Re3 Qc7 16. g3 Rad8 17. Rde1 Nb6 18. Ne5 Nd5 19. Rf3 c5 20. Bh7+ Kf8 21. Nxf7 Qxf7 22. Bg6 Qe7 23. Bxe8 Qxe8 24. dxc5 Kg8 25. Qe4 Qc6 26. Rd3 Nc7 27. Qxc6 bxc6 28. Rxd8+ Bxd8 29. Rd1 Bf6 30. Rd6 Be5 31. Rxc6 g5 32. c4 Kf7 33. b4 Ke7 34. Kg2 Kd7 35. b5 a6 36. a4 a5 37. Kf3 1-0

[Event "Lueneburg distr-chA"]
[Site "Winsen/Luhe"]
[Date "2011.10.17"]
[Round "4.9"]
[White "Kielpinski, Maximilian"]
[Black "Vogt, Marc Jonas"]
[Result "1/2-1/2"]
[WhiteElo "1953"]
[BlackElo "1783"]
[PlyCount "113"]
[EventDate "2011.10.??"]
[EventType "swiss"]
[EventRounds "9"]
[EventCountry "GER"]
[SourceTitle "EXT 2013"]
[Source "ChessBase"]
[SourceDate "2012.11.22"]
[SourceVersion "1"]
[SourceVersionDate "2012.11.22"]
[SourceQuality "1"]

1. Nf3 d5 2. g3 Nf6 3. Bg2 c5 4. d3 Nc6 5. 0-0 Bg4 6. Nbd2 e6 7. h3 Bh5 8. Re1 Bd6 9. e4 dxe4 10. dxe4 Qc7 11. c3 0-0-0 12. Qe2 Nd7 13. Nc4 Bxf3 14. Bxf3 Nde5 15. Bg2 Nxc4 16. Qxc4 Ne5 17. Qa4 Kb8 18. Rd1 c4 19. Bf1 Bc5 20. Bf4 g5 21. Bxe5 Qxe5 22. Kg2 Qxe4+ 23. Kh2 Bxf2 24. Bg2 Bxg3+ 25. Kh1 Qf4 26. Bxb7 Qc7 27. Bg2 g4 28. Qb5+ Qb6 29. Qxc4 gxh3 30. Bxh3 h5 31. a4 h4 32. a5 Rxd1+ 33. Rxd1 Qxb2 34. Qb4+ Qxb4 35. cxb4 Kc7 36. b5 Rd8 37. b6+ axb6 38. axb6+ Kc8 39. b7+ Kc7 40. Rb1 Rb8 41. Bg2 f5 42. Rc1+ Kd6 43. Rb1 Ke5 44. Rb5+ Kf4 45. Ra5 Kg4 46. Ra4+ Bf4 47. Ra8 h3 48. Bc6 Bc7 49. Kg1 e5 50. Kf2 e4 51. Bd5 Kf4 52. Bc6 Ke5 53. Kg3 e3 54. Bf3 Kd4+ 55. Kxh3 Kd3 56. Kg2 e2 57. Ra3+ 1/2-1/2

[Event "Lueneburg distr-chA"]
[Site "Winsen/Luhe"]
[Date "2011.10.17"]
[Round "3.8"]
[White "Vogt, Marc Jonas"]
[Black "Sturm, Frank"]
[Result "1/2-1/2"]
[WhiteElo "1783"]
[BlackElo "1983"]
[PlyCount "50"]
[EventDate "2011.10.??"]
[EventType "swiss"]
[EventRounds "9"]
[EventCountry "GER"]
[SourceTitle "EXT 2013"]
[Source "ChessBase"]
[SourceDate "2012.11.22"]
[SourceVersion "1"]
[SourceVersionDate "2012.11.22"]
[SourceQuality "1"]

1. e4 d6 2. d4 Nf6 3. Nc3 c6 4. f4 Qa5 5. Bd2 e5 6. dxe5 dxe5 7. Nf3 Nbd7 8. fxe5 Ng4 9. e6 fxe6 10. Bc4 Qb6 11. Qe2 Nde5 12. Nxe5 Nxe5 13. Qh5+ Ng6 14. Na4 Qd4 15. Bb3 Qxe4+ 16. Qe2 Qxe2+ 17. Kxe2 Bd6 18. Rad1 Be7 19. Be3 b6 20. Nc3 e5 21. h3 Ba6+ 22. Kd2 Bb4 23. Kc1 h6 24. Be6 Bc8 25. Bc4 Ke7 1/2-1/2

[Event "GER-chT U16"]
[Site "Naumburg"]
[Date "2010.12.29"]
[Round "6.4"]
[White "Vogt, Marc Jonas"]
[Black "Xu, Xianliang"]
[Result "0-1"]
[WhiteElo "1791"]
[BlackElo "1963"]
[PlyCount "56"]
[EventDate "2010.12.27"]
[EventType "team-swiss"]
[EventRounds "7"]
[EventCountry "GER"]
[SourceTitle "CBM 140 Extra"]
[Source "ChessBase"]
[SourceDate "2011.03.01"]
[SourceVersion "1"]
[SourceVersionDate "2011.03.01"]
[SourceQuality "1"]
[WhiteTeam "Stade"]
[BlackTeam "Bebenhausen"]
[WhiteTeamCountry "GER"]
[BlackTeamCountry "GER"]

1. Nc3 d5 2. e4 dxe4 3. Nxe4 Bf5 4. Ng3 Bg6 5. Nf3 e6 6. d4 Nd7 7. Bc4 Ngf6 8. Bg5 Bd6 9. Qe2 h6 10. Bxf6 Qxf6 11. d5 Bb4+ 12. Nd2 0-0-0 13. c3 exd5 14. 0-0 Rhe8 15. Qg4 h5 16. Nxh5 Bxh5 17. Qxh5 Bd6 18. Qxd5 Bxh2+ 19. Kxh2 Rh8+ 20. Kg1 Ne5 21. Qe4 Rxd2 22. Bb3 Qh6 23. Qf5+ Kb8 24. Qh3 Nf3+ 25. Kh1 Rd6 26. Bd1 Qxh3+ 27. gxh3 Rg6 28. Bxf3 Rxh3# 0-1

[Event "Dortmund Sparkassen op-B"]
[Site "Dortmund"]
[Date "2010.07.25"]
[Round "9"]
[White "Vogt, Marc Jonas"]
[Black "Vestrick, Frank"]
[Result "0-1"]
[WhiteElo "1632"]
[BlackElo "1631"]
[PlyCount "40"]
[EventDate "2010.07.17"]
[EventType "swiss"]
[EventRounds "9"]
[EventCountry "GER"]
[SourceTitle "EXT 2014"]
[Source "ChessBase"]
[SourceDate "2013.11.20"]
[SourceVersion "1"]
[SourceVersionDate "2013.11.20"]
[SourceQuality "1"]

1. e4 c6 2. d4 d5 3. Nc3 dxe4 4. Nxe4 Nd7 5. Nf3 Ngf6 6. Nxf6+ Nxf6 7. Be2 Bg4 8. 0-0 e6 9. Re1 Be7 10. Bf4 0-0 11. h3 Bh5 12. Qd2 c5 13. Red1 Qb6 14. Be3 Rfd8 15. dxc5 Rxd2 16. cxb6 Rxe2 17. Nd4 Rxe3 18. fxe3 Bxd1 19. Rxd1 axb6 20. Nb5 Bc5 0-1

[Event "GER-chT U14"]
[Site "Arendsee"]
[Date "2009.12.28"]
[Round "4.2"]
[White "Doering, Andre Patrick"]
[Black "Vogt, Marc Jonas"]
[Result "0-1"]
[WhiteElo "1554"]
[BlackElo "1544"]
[PlyCount "48"]
[EventDate "2009.12.27"]
[EventType "team-swiss"]
[EventRounds "7"]
[EventCountry "GER"]
[SourceTitle "EXT 2022"]
[Source "ChessBase"]
[SourceDate "2021.10.06"]
[SourceVersion "1"]
[SourceVersionDate "2021.10.06"]
[SourceQuality "1"]
[WhiteTeam "Treptow"]
[BlackTeam "Stader SV U14"]
[WhiteTeamCountry "GER"]
[BlackTeamCountry "GER"]

1. d4 Nf6 2. c4 e6 3. Nc3 d5 4. Bg5 Nbd7 5. e3 Bb4 6. a3 Bxc3+ 7. bxc3 c5 8. Nf3 Qa5 9. Be2 Qxc3+ 10. Nd2 Ne4 11. Rc1 Qa5 12. Bf4 Nb6 13. Bc7 Bd7 14. Bxb6 axb6 15. Ra1 cxd4 16. exd4 Rc8 17. f3 Nc3 18. Qc2 Nxe2 19. Kxe2 dxc4 20. a4 c3 21. Ne4 0-0 22. h4 f5 23. Nf2 Qd5 24. Rhd1 b5 0-1

[Event "GER-chT U14"]
[Site "Arendsee"]
[Date "2009.12.27"]
[Round "2.2"]
[White "Vogt, Marc Jonas"]
[Black "Schnurr, Christian"]
[Result "1/2-1/2"]
[WhiteElo "1544"]
[BlackElo "1709"]
[PlyCount "112"]
[EventDate "2009.12.27"]
[EventType "team-swiss"]
[EventRounds "7"]
[EventCountry "GER"]
[SourceTitle "EXT 2022"]
[Source "ChessBase"]
[SourceDate "2021.10.06"]
[SourceVersion "1"]
[SourceVersionDate "2021.10.06"]
[SourceQuality "1"]
[WhiteTeam "Stader SV U14"]
[BlackTeam "Ergolding FC U14"]
[WhiteTeamCountry "GER"]
[BlackTeamCountry "GER"]

1. e4 d5 2. exd5 Qxd5 3. Nc3 Qa5 4. d4 Nf6 5. Bd2 c6 6. Nf3 Bg4 7. Bc4 Nbd7 8. h3 Bh5 9. g4 Bg6 10. Nh4 Qc7 11. Nxg6 hxg6 12. Qe2 Nb6 13. Bb3 e6 14. 0-0-0 0-0-0 15. Bg5 Be7 16. Rd3 Nbd5 17. Bd2 Bb4 18. Nxd5 Bxd2+ 19. Qxd2 Nxd5 20. Rf3 Rhe8 21. Re1 Kb8 22. Re5 f6 23. Re1 c5 24. Ba4 Re7 25. dxc5 Qxc5 26. Rfe3 Qd6 27. Rd3 Rc8 28. Bb3 Rce8 29. Bxd5 exd5 30. Rxe7 Rxe7 31. Rxd5 Re1+ 32. Qxe1 Qxd5 33. Qe8+ Kc7 34. Qe7+ Kb6 35. Qb4+ Kc7 36. Qc3+ Kb8 37. Qd3 Qh1+ 38. Kd2 a6 39. Qd8+ Ka7 40. Qd4+ Ka8 41. Qd3 g5 42. Ke2 Qc6 43. a3 Qe6+ 44. Kd2 Qb6 45. Kc3 Qc5+ 46. Qc4 Qxf2 47. Qg8+ Ka7 48. Qxg7 Qg3+ 49. Kd4 Qxh3 50. Qxf6 Qxg4+ 51. Ke5 Qg1 52. Qg6 Qc5+ 53. Kf6 Qb6+ 54. Kxg5 Qxb2 55. Qd3 Qe5+ 56. Kg4 Qf6 1/2-1/2

[Event "Niedersachsen-chT U14"]
[Site "Verden an der Aller"]
[Date "2009.05.21"]
[Round "2.3"]
[White "Vogt, Marc Jonas"]
[Black "Bounine, Daniel"]
[Result "1/2-1/2"]
[WhiteElo "1410"]
[BlackElo "1680"]
[PlyCount "68"]
[EventDate "2009.05.21"]
[EventType "team-tourn"]
[EventRounds "7"]
[EventCountry "GER"]
[SourceTitle "EXT 2010"]
[Source "ChessBase"]
[SourceDate "2010.11.25"]
[SourceVersion "1"]
[SourceVersionDate "2010.11.25"]
[SourceQuality "1"]
[WhiteTeam "Stade"]
[BlackTeam "Hannover Polizei"]
[WhiteTeamCountry "GER"]
[BlackTeamCountry "GER"]

1. e4 c5 2. Nf3 Nc6 3. d4 cxd4 4. Nxd4 Nf6 5. Nc3 e6 6. Nxc6 bxc6 7. Bd3 Be7 8. Bd2 d5 9. 0-0 0-0 10. e5 Nd7 11. Qh5 g6 12. Qe2 Nc5 13. Bh6 Re8 14. Rfe1 f6 15. Qg4 Nxd3 16. cxd3 Rb8 17. Rab1 fxe5 18. Rxe5 Bf6 19. Bg5 Ba6 20. Rxe6 Bxg5 21. Rxe8+ Qxe8 22. Qxg5 Bxd3 23. Nxd5 Qe2 24. Nf6+ Kg7 25. Rc1 Rxb2 26. Qf4 Rxa2 27. h3 Bb5 28. Ng4 Qe7 29. Qd4+ Kf7 30. Nh6+ Ke8 31. Ng4 h5 32. Nf6+ Kf7 33. Ne4 Re2 34. Nd6+ Kg8 1/2-1/2